Civil engineering ondu parichaya. (Record no. 105635)

MARC details
000 -LEADER
fixed length control field 00618nam a2200193Ia 4500
003 - CONTROL NUMBER IDENTIFIER
control field OSt
005 - DATE AND TIME OF LATEST TRANSACTION
control field 20260610092600.0
008 - FIXED-LENGTH DATA ELEMENTS--GENERAL INFORMATION
fixed length control field 210210b2003 xxu||||| |||| 00| 0 eng d
040 ## - CATALOGING SOURCE
Transcribing agency AL
041 ## - LANGUAGE CODE
Language code of text/sound track or separate title Kannada
082 ## - DEWEY DECIMAL CLASSIFICATION NUMBER
Classification number 624K SHRS
100 ## - MAIN ENTRY--PERSONAL NAME
Personal name SHRINIVASAN (M G).
Dates associated with a name ಶ್ರೀನಿವಾಸನ್ (ಎಮ್. ಜಿ.)
9 (RLIN) 265569
245 ## - TITLE STATEMENT
Title Civil engineering ondu parichaya.
Remainder of title ಸಿವಿಲ್ ಇಂಜಿನಿಯರಿಂಗ್ ಒಂದು ಪರಿಚಯ
260 ## - PUBLICATION, DISTRIBUTION, ETC.
Place of publication, distribution, etc. Bengaluru
Name of publisher, distributor, etc. Navakarnataka parichaya
Date of publication, distribution, etc. 2003
300 ## - PHYSICAL DESCRIPTION
Extent 128
690 ## - LOCAL SUBJECT ADDED ENTRY--TOPICAL TERM (OCLC, RLIN)
Topical term or geographic name as entry element Engineering
9 (RLIN) 265570
906 ## - LOCAL DATA ELEMENT F, LDF (RLIN)
a 058310
942 ## - ADDED ENTRY ELEMENTS (KOHA)
Source of classification or shelving scheme Dewey Decimal Classification
Koha item type Book
Holdings
Withdrawn status Lost status Damaged status Not for loan Collection code Home library Current library Shelving location Date acquired Source of acquisition Cost, normal purchase price Total Checkouts Full call number Barcode Date last seen Price effective from Koha item type
          St Aloysius Library St Aloysius Library   02/17/2021 Athree Book Centre, Mangalore-01. 160.00   624K SHRS 058310 02/17/2021 02/17/2021 Book